The Indian people (Record no. 692871)

MARC details
000 -LEADER
fixed length control field 00271nam a2200109Ia 4500
008 - FIXED-LENGTH DATA ELEMENTS--GENERAL INFORMATION
fixed length control field 220713s9999 xx 000 0 und d
020 ## - INTERNATIONAL STANDARD BOOK NUMBER
International Standard Book Number <a href="978 1 920069 16 2">978 1 920069 16 2</a>
082 ## - DEWEY DECIMAL CLASSIFICATION NUMBER
Classification number JR 305.80968 INDI
942 ## - ADDED ENTRY ELEMENTS
Modifier ID 561
Modifier Name John Tresidder
100 ## - MAIN ENTRY--PERSONAL NAME
Personal name No author, editors only
245 #4 - TITLE STATEMENT
Title The Indian people
942 ## - ADDED ENTRY ELEMENTS
item type Books
Holdings
Withdrawn status Lost status Damaged status Not for loan Home library Current library Date acquired Cost, normal purchase price Total Checkouts Barcode Date last seen Price effective from item type Public note
        Chromeville PL (MMID-PLST-CHRO) Chromeville PL (MMID-PLST-CHRO) 04.07.2022 93.75   33089000324313 04.07.2022 04.07.2022 Books 176/12
        Gerard Sekoto PL(MMID-PLST-GERA) Gerard Sekoto PL(MMID-PLST-GERA) 13.07.2022 93.75   33089000253058 13.07.2022 13.07.2022 Books 324/12
        Nasaret PL (MMID-PLST-NASA) Nasaret PL (MMID-PLST-NASA) 30.06.2022 208.33   33228022133969 30.06.2022 30.06.2022 Books 160228